Loading...

Teaching primary mathematics/

Bibliografiske detaljer
Hovedforfatter: Turner,Sylvia
Format: Printed Book
Udgivet: London: Sage, 2013.
Fag:
LEADER 00423 a2200121 4500
020 |a 9780857028808 
100 |a Turner,Sylvia. 
245 |a Teaching primary mathematics/ 
260 |a London:  |b Sage,  |c 2013. 
300 |3 252p. 
650 |a Elementary Education 
999 |c 187155  |d 187155 
952 |0 0  |1 0  |2 ddc  |4 0  |6 372_700000000000000_TUR_T  |7 0  |9 206448  |a EDU  |b EDU  |c ST1  |d 2016-05-17  |g 0.00  |i 7079  |l 0  |o 372.7 TUR/T  |p EDU7079  |r 2018-08-29  |t 1  |w 2018-08-29  |y BK